[Event "Arad op 17th"]
[Site "Arad"]
[Date "2024.08.06"]
[Round "2"]
[White "Daianu, Cristian Clement"]
[Black "Moldovan, Gheorghe Zamfir"]
[Result "1-0"]
[WhiteElo "2214"]
[BlackElo "1953"]
[PlyCount "57"]
[EventDate "2024.08.05"]
[EventType "swiss"]
[EventRounds "9"]
[EventCountry "ROU"]
[SourceTitle "CBM 221 Extra"]
[Source "ChessBase"]
[SourceDate "2024.09.30"]
[SourceVersion "1"]
[SourceVersionDate "2024.09.30"]
[SourceQuality "1"]

1. e4 e6 2. d4 d5 3. Nd2 dxe4 4. Nxe4 Nf6 5. Nxf6+ gxf6 6. Nf3 Nc6 7. Bf4 b6 8. Bd3 Bb7 9. c3 Bd6 10. Bg3 h5 11. Qe2 Ne7 12. 0-0-0 a5 13. Kb1 a4 14. a3 Ra5 15. Rhe1 Nd5 16. c4 Nf4 17. Bxf4 Bxf4 18. d5 e5 19. g3 Bh6 20. Nxe5 Kf8 21. Nf3 Rc5 22. Nd4 Bc8 23. Bf5 Bxf5+ 24. Nxf5 Qd7 25. Qxh5 Bg7 26. Qg4 Rh7 27. Re7 Qc8 28. Rde1 Rxc4 29. Nh6 1-0

[Event "Cluj GP Rapid"]
[Site "Cluj"]
[Date "2024.06.14"]
[Round "8"]
[White "Magold, Filip"]
[Black "Moldovan, Gheorghe Zamfir"]
[Result "1-0"]
[WhiteElo "2417"]
[BlackElo "1953"]
[PlyCount "45"]
[EventDate "2024.06.13"]
[EventType "swiss (rapid)"]
[EventRounds "10"]
[EventCountry "ROU"]
[SourceTitle "CBM 220 Extra"]
[Source "ChessBase"]
[SourceDate "2024.07.31"]
[SourceVersion "1"]
[SourceVersionDate "2024.07.31"]
[SourceQuality "1"]

1. c4 f5 2. Nf3 b6 3. g3 Bb7 4. Bg2 Nf6 5. Nc3 e5 6. 0-0 d6 7. d4 Nbd7 8. d5 a5 9. e4 fxe4 10. Ng5 Nc5 11. Be3 h6 12. Ngxe4 Ncxe4 13. Nxe4 Qd7 14. f4 0-0-0 15. fxe5 dxe5 16. Nxf6 gxf6 17. Rxf6 Bg7 18. Rf2 h5 19. c5 bxc5 20. Rc1 Bxd5 21. Rd2 c6 22. Bxd5 cxd5 23. Rxc5+ 1-0

[Event "Eforie Nord Seacoast op 25th"]
[Site "Eforie Nord"]
[Date "2015.06.24"]
[Round "2"]
[White "Bonte, Andrei Mihai"]
[Black "Moldovan, Gheorghe Zamfir"]
[Result "1-0"]
[WhiteElo "2319"]
[BlackElo "1989"]
[PlyCount "137"]
[EventDate "2015.06.23"]
[EventType "swiss"]
[EventRounds "10"]
[EventCountry "ROU"]
[SourceTitle "CBM 167 Extra"]
[Source "ChessBase"]
[SourceDate "2015.09.14"]
[SourceVersion "1"]
[SourceVersionDate "2015.09.14"]
[SourceQuality "1"]

1. d4 d6 2. e4 Nf6 3. Nc3 c6 4. h3 Qc7 5. Nf3 e5 6. Be2 h6 7. 0-0 Be7 8. Be3 Nbd7 9. a4 Nf8 10. Re1 g5 11. Nd2 Ng6 12. Nc4 Nf4 13. Bf1 h5 14. Qd2 Be6 15. Rad1 h4 16. Bxf4 gxf4 17. d5 Bd7 18. dxc6 bxc6 19. Nxd6+ Kf8 20. Nc4 Rd8 21. Qe2 Rg8 22. Kh1 Rb8 23. Rd2 Be6 24. Red1 Rg5 25. Qf3 Kg7 26. b3 Bb4 27. Nb1 Bxd2 28. Nbxd2 Rd8 29. Re1 Kh6 30. Qc3 Bxc4 31. Nxc4 Rd4 32. Nd2 Rg8 33. Bd3 Qb6 34. Re2 Nh7 35. Nf3 Ng5 36. Nxe5 f3 37. gxf3 Nxh3 38. Ng4+ Rxg4 39. fxg4 Nf4 40. Qd2 Qc7 41. e5 Qd7 42. f3 Qd5 43. Qe3 Kg7 44. Bc4 Rxc4 45. bxc4 Qxc4 46. Re1 Ne6 47. Qe4 Qc5 48. Re2 Qc3 49. Qe3 Qa1+ 50. Re1 Qxa4 51. Qe4 Qa5 52. Rd1 Qc5 53. Kg2 h3+ 54. Kg3 h2 55. Kxh2 Qf2+ 56. Kh1 Ng5 57. Qxc6 Qh4+ 58. Kg2 Qh3+ 59. Kf2 Qh2+ 60. Kf1 Qxe5 61. Qd5 Qe7 62. Qd8 Qxd8 63. Rxd8 Nxf3 64. Kf2 Ne5 65. Kg3 Nc6 66. Rd6 Nb4 67. c3 Na2 68. c4 Nb4 69. c5 1-0

[Event "Satu Mare op 2nd"]
[Site "Satu Mare"]
[Date "2011.07.16"]
[Round "3"]
[White "Doros, Doru Lucian"]
[Black "Moldovan, Gheorghe Zamfir"]
[Result "1-0"]
[WhiteElo "1776"]
[BlackElo "2030"]
[PlyCount "75"]
[EventDate "2011.07.15"]
[EventType "swiss"]
[EventRounds "9"]
[EventCountry "ROU"]
[SourceTitle "CBM 143 Extra"]
[Source "ChessBase"]
[SourceDate "2011.08.29"]
[SourceVersion "1"]
[SourceVersionDate "2011.08.29"]
[SourceQuality "1"]

1. e4 e5 2. Nf3 Nc6 3. d4 exd4 4. Nxd4 Nf6 5. Nc3 Bb4 6. Nxc6 bxc6 7. Bd3 Bxc3+ 8. bxc3 Qe7 9. 0-0 0-0 10. Bg5 h6 11. Bh4 g5 12. Bg3 d5 13. e5 Ne4 14. f4 Nxg3 15. hxg3 g4 16. Qd2 f5 17. Rab1 Kg7 18. Qe3 Rd8 19. Rb3 c5 20. c4 d4 21. Qd2 Kg6 22. Qa5 c6 23. Rfb1 h5 24. Rb8 Rxb8 25. Rxb8 h4 26. Ra8 hxg3 27. Rxa7 Bb7 28. Rxb7 Qxb7 29. Qxd8 Qb1+ 30. Bf1 Qxc2 31. Qf6+ Kh7 32. Qh4+ Kg7 33. Qxg3 Qxa2 34. Qd3 Kg6 35. Be2 Qa1+ 36. Bd1 Qc1 37. g3 Qa1 38. Kf2 1-0

[Event "Baile Felix Cup 26th"]
[Site "Baile Felix"]
[Date "2011.05.24"]
[Round "7"]
[White "Moldovan, Gheorghe Zamfir"]
[Black "Stanciu, Alexandru Ovidiu"]
[Result "0-1"]
[WhiteElo "2040"]
[BlackElo "2356"]
[PlyCount "92"]
[EventDate "2011.05.20"]
[EventType "swiss"]
[EventRounds "7"]
[EventCountry "ROU"]
[SourceTitle "CBM 142 Extra"]
[Source "ChessBase"]
[SourceDate "2011.06.27"]
[SourceVersion "1"]
[SourceVersionDate "2011.06.27"]
[SourceQuality "1"]

1. d4 Nf6 2. Nf3 e6 3. e3 b6 4. Bd3 Bb7 5. Nbd2 d5 6. Qe2 Bd6 7. e4 dxe4 8. Nxe4 Nbd7 9. Bg5 Be7 10. Bf4 0-0 11. c3 c5 12. 0-0 cxd4 13. cxd4 Nd5 14. Bd2 N7f6 15. a3 g6 16. Bh6 Re8 17. Bb5 Nxe4 18. Bxe8 Nd6 19. Ba4 g5 20. Bc2 Nf4 21. Qd1 f6 22. h4 Nf7 23. hxg5 fxg5 24. g3 Ng6 25. Bxg6 hxg6 26. Qd3 Kh7 27. Bxg5 Bxg5 28. Nh2 Qd5 29. f3 Rd8 30. Rad1 Qxd4+ 31. Qxd4 Rxd4 32. f4 Bf6 33. Ng4 Bg7 34. Kf2 a5 35. Ke3 Re4+ 36. Kd3 Bxb2 37. Rb1 Bd4 38. Rxb6 Bxb6 39. Rb1 Rd4+ 40. Kc3 Rd6 41. Nf6+ Kh8 42. Ne8 Rc6+ 43. Kd2 Nd6 44. Rh1+ Kg8 45. Nf6+ Kg7 46. Nd7 Ne4+ 0-1

[Event "ROM-ch op"]
[Site "Sarata Monteoru"]
[Date "2011.02.19"]
[Round "10"]
[White "Moldovan, Gheorghe Zamfir"]
[Black "Iordachescu, Sorin Emanuel"]
[Result "1-0"]
[WhiteElo "2056"]
[BlackElo "1903"]
[PlyCount "65"]
[EventDate "2011.02.12"]
[EventType "swiss"]
[EventRounds "11"]
[EventCountry "ROU"]
[SourceTitle "EXT 2013"]
[Source "ChessBase"]
[SourceDate "2012.11.22"]
[SourceVersion "1"]
[SourceVersionDate "2012.11.22"]
[SourceQuality "1"]

1. c4 Nf6 2. Nc3 g6 3. g3 Bg7 4. Bg2 0-0 5. e4 d6 6. h3 a6 7. Nge2 Nbd7 8. 0-0 c6 9. a4 Qc7 10. d3 e5 11. f4 h6 12. Be3 Kh7 13. d4 Ng8 14. a5 b6 15. dxe5 dxe5 16. axb6 Nxb6 17. b3 f5 18. Qc2 Be6 19. fxe5 Bxe5 20. Nf4 Bd7 21. c5 Nc8 22. Rad1 Nf6 23. Bd4 Ne7 24. Na4 Rad8 25. Nb6 g5 26. Nxd7 Rxd7 27. Ne6 Bxd4+ 28. Rxd4 Qe5 29. Nxf8+ Kg7 30. Rxd7 Nxd7 31. Nxd7 Qd4+ 32. Qf2 Qxd7 33. exf5 1-0

[Event "Centrocoop June op-A"]
[Site "Eforie Nord "]
[Date "1998.??.??"]
[Round "?"]
[White "Kutnik, Alexandru"]
[Black "Moldovan, Gheorghe Zamfir"]
[Result "1-0"]
[WhiteElo "2270"]
[BlackElo "2150"]
[PlyCount "63"]
[EventDate "1998.06.??"]
[EventType "swiss"]
[EventRounds "11"]
[EventCountry "ROU"]
[SourceTitle "EXT 2000"]
[Source "ChessBase"]
[SourceDate "1999.11.16"]
[SourceVersion "1"]
[SourceVersionDate "1999.11.16"]
[SourceQuality "1"]

1. e4 c5 2. c3 Nf6 3. e5 Nd5 4. d4 cxd4 5. Qxd4 e6 6. g3 Nc6 7. Qe4 f5 8. exf6 Nxf6 9. Qc2 Qc7 10. Bg2 Bc5 11. Nf3 d5 12. 0-0 0-0 13. Nbd2 e5 14. Nb3 Bb6 15. Be3 Bg4 16. Bxb6 Qxb6 17. h3 Bh5 18. Nh4 e4 19. c4 Nb4 20. Qc3 Rac8 21. c5 Qb5 22. Nf5 Rc7 23. Nfd4 Qa4 24. Ne6 Rfc8 25. Nxc7 Rxc7 26. f3 b6 27. fxe4 dxe4 28. Qe5 Rf7 29. Rxf6 gxf6 30. Qxh5 Nxa2 31. Qd5 bxc5 32. Nxc5 1-0

[Event "Centrocoop June op-A"]
[Site "Eforie Nord "]
[Date "1998.??.??"]
[Round "?"]
[White "Moldovan, Gheorghe Zamfir"]
[Black "Anghel, Valentin"]
[Result "0-1"]
[WhiteElo "2150"]
[BlackElo "2120"]
[PlyCount "62"]
[EventDate "1998.06.??"]
[EventType "swiss"]
[EventRounds "11"]
[EventCountry "ROU"]
[SourceTitle "EXT 2000"]
[Source "ChessBase"]
[SourceDate "1999.11.16"]
[SourceVersion "1"]
[SourceVersionDate "1999.11.16"]
[SourceQuality "1"]

1. d4 Nf6 2. c4 e6 3. Nf3 b6 4. Nc3 Bb4 5. g3 Bb7 6. Bg2 0-0 7. 0-0 d5 8. cxd5 Nxd5 9. Nb1 Nd7 10. a3 Be7 11. Nbd2 c5 12. e4 N5f6 13. e5 Nd5 14. dxc5 Nxc5 15. Nc4 Ba6 16. b3 Rc8 17. Nfd2 Qc7 18. Bxd5 exd5 19. Ne3 Bxf1 20. Nxd5 Qxe5 21. Nxe7+ Qxe7 22. Nxf1 Rfd8 23. Qf3 Rd3 24. Qg4 Rcd8 25. Bb2 f6 26. b4 Nb3 27. Re1 Qxe1 28. Bxf6 R8d7 29. Bxg7 Rxg7 30. Qc4+ Rf7 31. Qxd3 Qxf2+ 0-1

[Event "Centrocoop June op-A"]
[Site "Eforie Nord "]
[Date "1998.??.??"]
[Round "?"]
[White "Moldovan, Gheorghe Zamfir"]
[Black "Kazacov, P."]
[Result "0-1"]
[WhiteElo "2150"]
[BlackElo "2210"]
[PlyCount "86"]
[EventDate "1998.06.??"]
[EventType "swiss"]
[EventRounds "11"]
[EventCountry "ROU"]
[SourceTitle "EXT 2000"]
[Source "ChessBase"]
[SourceDate "1999.11.16"]
[SourceVersion "1"]
[SourceVersionDate "1999.11.16"]
[SourceQuality "1"]

1. d4 Nf6 2. c4 e6 3. Nf3 Bb4+ 4. Bd2 Qe7 5. e3 Bxd2+ 6. Nbxd2 d6 7. Rc1 Nbd7 8. Bd3 e5 9. Bb1 0-0 10. 0-0 c5 11. Rc3 a6 12. a4 b5 13. axb5 axb5 14. cxb5 Rb8 15. Rb3 e4 16. Ng5 d5 17. f3 h6 18. Nh3 c4 19. Rc3 exf3 20. Rxf3 Rxb5 21. Qc2 Ba6 22. Ra3 Rfb8 23. Ra2 c3 24. bxc3 Ne4 25. Rxa6 Rb2 26. Nxe4 Rxc2 27. Bxc2 dxe4 28. Rf2 Rc8 29. Nf4 Nf6 30. h3 Rxc3 31. Rxf6 Qxf6 32. Nd5 Qxf2+ 33. Kxf2 Rxc2+ 34. Kg3 Kf8 35. h4 Ke8 36. h5 Re2 37. Kf4 Rxg2 38. Kxe4 Rg5 39. Nf4 Kd7 40. d5 Kd6 41. Kd4 Rf5 42. Ke4 Re5+ 43. Kd4 f5 0-1

[Event "Centrocoop June op-A"]
[Site "Eforie Nord "]
[Date "1998.??.??"]
[Round "?"]
[White "Moldovan, Gheorghe Zamfir"]
[Black "Vajda, Albert"]
[Result "0-1"]
[WhiteElo "2150"]
[BlackElo "2400"]
[PlyCount "52"]
[EventDate "1998.06.??"]
[EventType "swiss"]
[EventRounds "11"]
[EventCountry "ROU"]
[SourceTitle "EXT 2000"]
[Source "ChessBase"]
[SourceDate "1999.11.16"]
[SourceVersion "1"]
[SourceVersionDate "1999.11.16"]
[SourceQuality "1"]

1. e4 c5 2. c3 Nf6 3. e5 Nd5 4. d4 cxd4 5. Qxd4 e6 6. Nf3 Nc6 7. Qe4 f5 8. exf6 Nxf6 9. Qh4 Be7 10. Bd3 0-0 11. Nbd2 d5 12. Qa4 e5 13. Bb5 e4 14. Nd4 Nxd4 15. Qxd4 Qc7 16. Nb3 Be6 17. Bg5 Ng4 18. Bxe7 Qxe7 19. 0-0 Qh4 20. h3 Nh6 21. Nc5 Bxh3 22. Qxd5+ Kh8 23. gxh3 Rf5 24. Qxf5 Nxf5 25. Bd7 Qg5+ 26. Kh1 Nh4 0-1